Ton incroyable cerveau / (Notice n° 18844)

Détails MARC
000 -LEADER
fixed length control field 01837nam a2200409 i 4500
001 - CONTROL NUMBER
control field 0008046698
003 - CONTROL NUMBER IDENTIFIER
control field OSt
005 - DATE AND TIME OF LATEST TRANSACTION
control field 20260425121303.0
008 - FIXED-LENGTH DATA ELEMENTS--GENERAL INFORMATION
fixed length control field 250923s2025 quca j 000 0 fre
020 ## - INTERNATIONAL STANDARD BOOK NUMBER
International Standard Book Number 9782897734152 :
Terms of availability 19,95 $
040 ## - CATALOGING SOURCE
Original cataloging agency QMBN
Language of cataloging fre
Description conventions rda
Transcribing agency QMBN
Modifying agency QMBND
041 1# - LANGUAGE CODE
Language code of text/sound track or separate title fre
Language code of original eng
050 #4 - LIBRARY OF CONGRESS CALL NUMBER
Classification number QP376
082 04 - DEWEY DECIMAL CLASSIFICATION NUMBER
Classification number J 612.825 B9428t
Item number B942t
Edition number 23/fre/202509
082 05 - DEWEY DECIMAL CLASSIFICATION NUMBER
Classification number 612.82
Item number B9428t
Edition number 23/fre/202509
091 0# - MICROFILM SHELF LOCATION (AM) [OBSOLETE]
Microfilm shelf location 612.82
100 1# - MAIN ENTRY--PERSONAL NAME
Personal name Bunting, Philip
Relator term auteur
-- illustrateur
240 10 - UNIFORM TITLE
Uniform title <a href="Your brilliant brain.">Your brilliant brain.</a>
Language of a work Franȧis
245 10 - TITLE STATEMENT
Title Ton incroyable cerveau /
Statement of responsibility, etc. [texte et illustrations] Philip Bunting ; traduit de l'anglais par Andr Ǧagnon
264 #1 - PRODUCTION, PUBLICATION, DISTRIBUTION, MANUFACTURE, AND COPYRIGHT NOTICE
Place of production, publication, distribution, manufacture [Montrǎl] :
Name of producer, publisher, distributor, manufacturer MultiMondes,
Date of production, publication, distribution, manufacture, or copyright notice [2025]
300 ## - PHYSICAL DESCRIPTION
Extent 1 volume (non pagin)̌ :
Other physical details illustrations en couleur ;
Dimensions 29 cm
336 ## - CONTENT TYPE
Content type term texte
Content type code txt
Source rdacontent
336 ## - CONTENT TYPE
Content type term image fixe
Content type code sti
Source rdacontent
337 ## - MEDIA TYPE
Media type term sans mďiation
Media type code n
Source rdamedia
338 ## - CARRIER TYPE
Carrier type term volume
Carrier type code nc
Source rdacarrier
500 ## - GENERAL NOTE
General note Complm̌ent de titre de la couverture : Dčouvre le plus merveilleux et mystřieux labyrinthe de l'univers
521 ## - TARGET AUDIENCE NOTE
Target audience note Pour enfants
650 #6 - SUBJECT ADDED ENTRY--TOPICAL TERM
Topical term or geographic name as entry element Cerveau
Form subdivision Ouvrages pour la jeunesse
650 #7 - SUBJECT ADDED ENTRY--TOPICAL TERM
Topical term or geographic name as entry element Cerveau
Source of heading or term vmj
655 #7 - INDEX TERM--GENRE/FORM
Genre/form data or focus term Livres documentaires pour la jeunesse
Source of term rvmgf
700 1# - ADDED ENTRY--PERSONAL NAME
Relationship information Traduction de :
Personal name Bunting, Philip
Title of a work Your brilliant brain
942 ## - ADDED ENTRY ELEMENTS (KOHA)
Source of classification or shelving scheme Dewey Decimal Classification
Koha item type Documentaire jeunesse
Exemplaires
Withdrawn status Lost status Source of classification or shelving scheme Damaged status Not for loan Home library Current library Date acquired Total Checkouts Full call number Barcode Date last seen Price effective from Koha item type
    Dewey Decimal Classification     Bibliothèque municipale d'Henryville Bibliothèque municipale d'Henryville 2026-04-25   J 612.825 B9428t 30001030025151 2026-04-25 2026-04-25 Documentaire jeunesse